|
|
|
|
| LEADER |
00000nam0a2200000 4500 |
| 001 |
182538 |
| 005 |
20231101223710.0 |
| 010 |
|
|
|a 9785209031277
|
| 035 |
|
|
|a (RuTPU)RU\TPU\book\197879
|
| 035 |
|
|
|a RU\TPU\book\128528
|
| 090 |
|
|
|a 182538
|
| 100 |
|
|
|a 20100622d2009 m y0rusy50 ca
|
| 101 |
0 |
|
|a rus
|
| 102 |
|
|
|a RU
|
| 105 |
|
|
|a a j 001zy
|
| 200 |
1 |
|
|a Нефтегазовая литология
|e учебное пособие
|f Ю. М. Малиновский
|
| 210 |
|
|
|a Москва
|c РУДН
|d 2009
|
| 215 |
|
|
|a 216 с.
|c ил.
|
| 320 |
|
|
|a Библиогр.: с. 213.
|
| 330 |
|
|
|a Пособие составлено на основе лекций, прочитанных бакалаврам и магистрам инженерного факультета РУДН в рамках курса нефтегазовой литологии, студентам и преподавателям кафедры литологии РГУ нефти и газа им, И.М. Губкина, а также практической работы в качестве литолога-нефтяника на Кубе и в Афганистане. Пособие восполняет пробел по системному освещению роли биосферы как системы, производящей осадочные толщи и осадочные полезные ископаемые, существующий в учебниках и учебных пособиях по литологии и нефтегазовой литологии. Оно ни в коем случае не заменяет такие учебники, как «Литология нефтегазоносных толщ» Ю.К. Бурлина и других (1991) и «Литология» Б.К. Прошлякова и В.Г. Кузнецова (1991) или др. Кроме биосферных основ литологии (часть 1) учебное пособие включает необходимые сведения о литологии природных резервуаров нефти и газа (часть 11). Знания о системе, в которой мы живем, необходимы не только геологу, но и любому культурному человеку. Геологам они особенно полезны, так как позволяют глубже понять закономерность строения осадочных толщ и нефтегазоносных комплексов, позволяя мыслить глобально, а действовать локально. В современных условиях последнее качество специалиста стало особенно ценным. Для студентов-геологов старших курсов и магистров, а также преподавателей с целью расширить кругозор системного подхода к изучению осадочных процессов.
|
| 606 |
1 |
|
|a Литология нефтегазовая
|2 stltpush
|3 (RuTPU)RU\TPU\subj\65614
|9 82104
|
| 610 |
1 |
|
|a осадочные породы
|
| 610 |
1 |
|
|a биосфера
|
| 610 |
1 |
|
|a геологическое время
|
| 610 |
1 |
|
|a фанерозой
|
| 610 |
1 |
|
|a геологические события
|
| 610 |
1 |
|
|a биосферные ритмы
|
| 610 |
1 |
|
|a нефтегазоносные отложения
|
| 610 |
1 |
|
|a горные породы
|
| 610 |
1 |
|
|a породы-коллекторы
|
| 610 |
1 |
|
|a породы-флюидоупоры
|
| 610 |
1 |
|
|a покрышки
|
| 610 |
1 |
|
|a учебные пособия
|
| 610 |
1 |
|
|a литология
|
| 610 |
1 |
|
|a геохимия
|
| 675 |
|
|
|a 552.578(075.8)
|v 3
|
| 700 |
|
1 |
|a Малиновский
|b Ю. М.
|g Юрий Михайлович
|
| 801 |
|
1 |
|a RU
|b 63413507
|c 20070618
|g PSBO
|
| 801 |
|
2 |
|a RU
|b 63413507
|c 20150523
|g PSBO
|
| 942 |
|
|
|c BK
|